[Event "Titled Tuesday intern op 16th Jan Early"]
[Site "Chess.com INT"]
[Date "2024.01.16"]
[Round "11"]
[White "Toktomushev, Teimur"]
[Black "Streltsov, Alexey"]
[Result "0-1"]
[WhiteElo "2249"]
[BlackElo "2341"]
[PlyCount "134"]
[EventDate "2024.01.16"]
[EventType "swiss (blitz)"]
[EventRounds "11"]
[EventCountry "USA"]
[SourceTitle "CB04_2024"]
[SourceDate "2023.10.16"]
[SourceVersion "1"]
[SourceVersionDate "2023.10.16"]
[SourceQuality "1"]

1. d4 d5 2. c4 e6 3. Nc3 c6 4. e3 f5 5. f4 Nf6 6. Nf3 Bd6 7. Be2 0-0 8. 0-0 Ne4 9. Ne5 Nd7 10. Bd2 Ndf6 11. Be1 Nxc3 12. Bxc3 Ne4 13. a3 g5 14. Bb4 g4 15. Bxd6 Nxd6 16. h3 h5 17. hxg4 fxg4 18. Bd3 Kg7 19. g3 Bd7 20. Kg2 Be8 21. Rh1 Qf6 22. Qc2 Bf7 23. c5 Nf5 24. Bxf5 Qxf5 25. Qxf5 exf5 26. Nxf7 Rxf7 27. Rxh5 Re8 28. Kf2 Rfe7 29. Rah1 Rxe3 30. Rh7+ Kg8 31. Rh8+ Kg7 32. R1h7+ Kg6 33. Rxe8 Rf3+ 34. Kg2 Kxh7 35. Re7+ Kg6 36. Rxb7 Rd3 37. Rc7 Rd2+ 38. Kf1 Rxb2 39. Rxc6+ Kf7 40. Rd6 Rb3 41. Rxd5 Rxg3 42. Rxf5+ Ke6 43. Re5+ Kd7 44. f5 Rxa3 45. Kg2 Rf3 46. Rd5+ Kc6 47. Re5 Kb5 48. d5 Kxc5 49. f6 Rxf6 50. Kg3 Rg6 51. Re7 a6 52. Ra7 Kxd5 53. Rd7+ Kc4 54. Rc7+ Kb4 55. Rb7+ Ka4 56. Rb1 a5 57. Rb8 Ka3 58. Rb1 a4 59. Rb8 Ka2 60. Rb4 a3 61. Rb8 Ka1 62. Rb7 a2 63. Rb8 Rf6 64. Kxg4 Rf1 65. Kg3 Rb1 66. Rc8 Rb3+ 67. Kf2 Kb2 0-1

[Event "Titled Tuesday intern op 19th Sep Early"]
[Site "Chess.com INT"]
[Date "2023.09.19"]
[Round "10"]
[White "Srihari, LR."]
[Black "Streltsov, Alexey"]
[Result "1-0"]
[WhiteElo "2444"]
[BlackElo "2343"]
[PlyCount "57"]
[EventDate "2023.09.19"]
[EventType "swiss (blitz)"]
[EventRounds "11"]
[EventCountry "USA"]
[SourceTitle "EXT 2024"]
[Source "ChessBase"]
[SourceDate "2023.10.10"]
[SourceVersion "1"]
[SourceVersionDate "2023.10.10"]
[SourceQuality "1"]

1. Nf3 d5 2. c4 d4 3. e3 Nc6 4. exd4 Nxd4 5. Nxd4 Qxd4 6. d3 Bf5 7. Nc3 e5 8. Qf3 Ne7 9. Be3 Qd8 10. Qxb7 Rb8 11. Qxa7 Rxb2 12. Be2 Nc6 13. Qa4 Bb4 14. 0-0 Bxc3 15. Qxc6+ Bd7 16. Qf3 0-0 17. Rfc1 Rxe2 18. Rxc3 Rb2 19. a4 Bc8 20. a5 Bb7 21. Qg3 f5 22. Bc5 f4 23. Qh3 Rf6 24. Qh5 Rg6 25. g3 Rg5 26. Qh4 Qf6 27. a6 Bxa6 28. Rxa6 Rb3 29. Rxf6 1-0

[Event "Titled Tuesday intern op 19th Sep Early"]
[Site "Chess.com INT"]
[Date "2023.09.19"]
[Round "5"]
[White "Streltsov, Alexey"]
[Black "Garcia Correa, Jose Ricardo"]
[Result "1-0"]
[WhiteElo "2343"]
[BlackElo "2103"]
[PlyCount "49"]
[EventDate "2023.09.19"]
[EventType "swiss (blitz)"]
[EventRounds "11"]
[EventCountry "USA"]
[SourceTitle "EXT 2024"]
[Source "ChessBase"]
[SourceDate "2023.10.10"]
[SourceVersion "1"]
[SourceVersionDate "2023.10.10"]
[SourceQuality "1"]

1. d4 Nf6 2. Nc3 e6 3. e4 d5 4. e5 Nfd7 5. f4 c5 6. Nf3 Nc6 7. Be3 Qb6 8. Na4 Qa5+ 9. c3 cxd4 10. b4 Nxb4 11. cxb4 Bxb4+ 12. Bd2 b5 13. Nb2 Nc5 14. Nd3 Bc3 15. Nxc5 b4 16. Nb3 Qb6 17. Bxc3 dxc3 18. Qd4 Qxd4 19. Nfxd4 a5 20. a3 Rb8 21. Bb5+ Bd7 22. Bxd7+ Kxd7 23. axb4 axb4 24. Ra7+ Ke8 25. Ke2 1-0

[Event "Titled Tuesday intern op 01st Aug Early"]
[Site "Chess.com INT"]
[Date "2023.08.01"]
[Round "6"]
[White "Rosenberg, Evan"]
[Black "Streltsov, Alexey"]
[Result "1-0"]
[WhiteElo "1941"]
[BlackElo "2343"]
[PlyCount "59"]
[EventDate "2023.08.01"]
[EventType "swiss (blitz)"]
[EventRounds "11"]
[EventCountry "USA"]
[SourceTitle "EXT 2024"]
[Source "ChessBase"]
[SourceDate "2023.10.10"]
[SourceVersion "1"]
[SourceVersionDate "2023.10.10"]
[SourceQuality "1"]

1. e4 c6 2. Nf3 d5 3. d3 g6 4. Nbd2 Bg7 5. g3 e5 6. Bg2 h6 7. 0-0 Be6 8. Re1 Nd7 9. c3 Ngf6 10. exd5 cxd5 11. Nxe5 Nxe5 12. Rxe5 Ne4 13. Rxe6+ fxe6 14. dxe4 0-0 15. exd5 exd5 16. Nb3 Kh7 17. Be3 Qf6 18. Qxd5 Rae8 19. Rf1 b6 20. h4 Rd8 21. Qb7 Rf7 22. Qe4 Re7 23. Qc2 Qd6 24. h5 Be5 25. hxg6+ Kg7 26. Bd4 Qxg6 27. Qxg6+ Kxg6 28. Re1 Rde8 29. Bc6 Bxd4 30. Bxe8+ 1-0

[Event "Titled Tuesday intern op 01st Aug Early"]
[Site "Chess.com INT"]
[Date "2023.08.01"]
[Round "5"]
[White "Streltsov, Alexey"]
[Black "Ardila, Oscar Humberto"]
[Result "1-0"]
[WhiteElo "2343"]
[BlackElo "1987"]
[PlyCount "49"]
[EventDate "2023.08.01"]
[EventType "swiss (blitz)"]
[EventRounds "11"]
[EventCountry "USA"]
[SourceTitle "EXT 2024"]
[Source "ChessBase"]
[SourceDate "2023.10.10"]
[SourceVersion "1"]
[SourceVersionDate "2023.10.10"]
[SourceQuality "1"]

1. d4 Nf6 2. Nc3 e6 3. e4 Bb4 4. e5 Nd5 5. Bd2 Nxc3 6. bxc3 Be7 7. f4 d6 8. Nf3 c5 9. Bd3 Nc6 10. 0-0 Qb6 11. Be3 cxd4 12. cxd4 0-0 13. Qd2 dxe5 14. fxe5 Nb4 15. Rab1 Qa5 16. a3 Nc6 17. c3 Rd8 18. Qf2 f5 19. exf6 Bxf6 20. Ng5 h6 21. Ne4 Rf8 22. Bxh6 Qd8 23. Qg3 e5 24. Nxf6+ Rxf6 25. Qxg7# 1-0

[Event "Titled Tuesday intern op 01st Aug Early"]
[Site "Chess.com INT"]
[Date "2023.08.01"]
[Round "4"]
[White "Streltsov, Alexey"]
[Black "Llanos, Guillermo"]
[Result "0-1"]
[WhiteElo "2343"]
[BlackElo "2288"]
[PlyCount "94"]
[EventDate "2023.08.01"]
[EventType "swiss (blitz)"]
[EventRounds "11"]
[EventCountry "USA"]
[SourceTitle "EXT 2024"]
[Source "ChessBase"]
[SourceDate "2023.10.10"]
[SourceVersion "1"]
[SourceVersionDate "2023.10.10"]
[SourceQuality "1"]

1. d4 Nf6 2. Bf4 b6 3. Nc3 Bb7 4. f3 d5 5. e3 e6 6. Nb5 Na6 7. a4 c6 8. Na3 Bd6 9. Nh3 0-0 10. c3 h6 11. Bd3 Nh5 12. Qe2 Nxf4 13. exf4 Nc7 14. g3 Qd7 15. Nf2 a6 16. b4 Rfe8 17. 0-0 Qe7 18. Nc2 a5 19. Rfb1 Bc8 20. Kg2 Bd7 21. h4 Ra7 22. Ng4 Rea8 23. f5 exf5 24. Qxe7 Bxe7 25. Ne5 Be8 26. bxa5 bxa5 27. Bxf5 c5 28. Ne3 g6 29. Bd7 cxd4 30. cxd4 Bxd7 31. Nxd7 Bb4 32. Rc1 Rd8 33. Nf6+ Kg7 34. Rxc7 Rxc7 35. Nfxd5 Rcd7 36. Nxb4 axb4 37. d5 Ra8 38. a5 b3 39. Rb1 Rb7 40. Nc4 Rb4 41. Nd2 b2 42. Kf2 Rxa5 43. d6 Rd5 44. Ke3 Rxd6 45. Ne4 Ra6 46. Kd3 Ra1 47. Nc3 Rb3 0-1

[Event "Titled Tuesday intern op 11th Jul Early"]
[Site "Chess.com INT"]
[Date "2023.07.11"]
[Round "9"]
[White "Tanmay, Jain"]
[Black "Streltsov, Alexey"]
[Result "1-0"]
[WhiteElo "2132"]
[BlackElo "2343"]
[PlyCount "111"]
[EventDate "2023.07.11"]
[EventType "swiss (blitz)"]
[EventRounds "11"]
[EventCountry "USA"]
[SourceTitle "EXT 2024"]
[Source "ChessBase"]
[SourceDate "2023.10.10"]
[SourceVersion "1"]
[SourceVersionDate "2023.10.10"]
[SourceQuality "1"]

1. Nf3 c5 2. c4 e6 3. g3 d5 4. cxd5 exd5 5. Bg2 Nc6 6. 0-0 Bg4 7. d3 Qd7 8. Bf4 Nf6 9. Nc3 Bh3 10. e4 Bxg2 11. Kxg2 d4 12. Nb1 h6 13. Na3 g5 14. Bd2 Bg7 15. Nc4 0-0 16. a4 Ng4 17. h3 Nge5 18. Nfxe5 Nxe5 19. Nxe5 Bxe5 20. f4 gxf4 21. gxf4 Bg7 22. Kh2 f5 23. e5 Kh7 24. Rg1 Qf7 25. Qf3 Rg8 26. Rae1 Rae8 27. b4 c4 28. dxc4 Qxc4 29. Qxb7 Kh8 30. Rg2 Bf8 31. Rxg8+ Qxg8 32. Rg1 Qa2 33. Rg2 Re7 34. Qc8 Rf7 35. e6 Rf6 36. e7 Qf7 37. exf8Q+ Qxf8 38. Qxf8+ Rxf8 39. Bc1 Rc8 40. Bb2 Rc4 41. Rd2 Rxb4 42. Bxd4+ Kh7 43. a5 a6 44. Kg3 h5 45. Kh4 Rb3 46. Re2 Rd3 47. Bb6 Rf3 48. Bc7 Rc3 49. Re7+ Kg8 50. Kxh5 Kf8 51. Bd6 Rxh3+ 52. Kg6 Rd3 53. Re6+ Rxd6 54. Rxd6 Ke7 55. Rxa6 Kd7 56. Rb6 1-0

[Event "Titled Tuesday intern op 04th Jul Early"]
[Site "Chess.com INT"]
[Date "2023.07.04"]
[Round "4"]
[White "Svane, Frederik"]
[Black "Streltsov, Alexey"]
[Result "1-0"]
[WhiteElo "2618"]
[BlackElo "2343"]
[PlyCount "61"]
[EventDate "2023.07.04"]
[EventType "swiss (blitz)"]
[EventRounds "11"]
[EventCountry "USA"]
[SourceTitle "EXT 2024"]
[Source "ChessBase"]
[SourceDate "2023.10.10"]
[SourceVersion "1"]
[SourceVersionDate "2023.10.10"]
[SourceQuality "1"]

1. g3 d5 2. Bg2 e5 3. d3 Nc6 4. Nf3 Be6 5. 0-0 Qd7 6. Ng5 Bg4 7. h3 Bh5 8. g4 Bg6 9. e4 Nf6 10. exd5 Nxd5 11. Nc3 Nxc3 12. bxc3 f6 13. Ne4 h5 14. Rb1 hxg4 15. hxg4 Rb8 16. Qf3 Bd6 17. Be3 0-0 18. Ng3 Nd8 19. Nf5 b6 20. Nxd6 cxd6 21. a4 Qxa4 22. Qd5+ Bf7 23. Qxd6 Qxc2 24. Qxb8 Qxc3 25. Qxa7 Qxd3 26. Qxb6 Qg6 27. Qb4 Ne6 28. Qe4 Nf4 29. Bxf4 exf4 30. Qxf4 Be6 31. Bf3 1-0

[Event "Titled Tuesday intern op 06th Jun Late"]
[Site "Chess.com INT"]
[Date "2023.06.06"]
[Round "8"]
[White "Harish, Neeraj"]
[Black "Streltsov, Alexey"]
[Result "0-1"]
[WhiteElo "2231"]
[BlackElo "2338"]
[PlyCount "100"]
[EventDate "2023.06.06"]
[EventType "swiss (blitz)"]
[EventRounds "11"]
[EventCountry "USA"]
[SourceTitle "EXT 2024"]
[Source "ChessBase"]
[SourceDate "2023.10.10"]
[SourceVersion "1"]
[SourceVersionDate "2023.10.10"]
[SourceQuality "1"]

1. e4 c6 2. d4 d5 3. e5 Bf5 4. Nd2 e6 5. Nb3 Nd7 6. Nf3 c5 7. dxc5 Bxc5 8. Nxc5 Nxc5 9. Bb5+ Nd7 10. 0-0 Ne7 11. c3 Nc6 12. Re1 0-0 13. Bf4 Qb6 14. Qe2 a6 15. Bxc6 bxc6 16. Nd4 Be4 17. f3 Bg6 18. Kh1 c5 19. Nb3 Rfb8 20. Be3 Qb5 21. f4 c4 22. Nd4 Qxb2 23. Nc6 Qxe2 24. Rxe2 Rb7 25. Ne7+ Kf8 26. Nxg6+ hxg6 27. Bd4 Rab8 28. h3 Rb2 29. Rae1 Ke7 30. g4 Rxe2 31. Rxe2 Rb1+ 32. Kg2 Nb8 33. Bc5+ Kd7 34. Bf8 Rc1 35. Rb2 Kc8 36. Bxg7 Rxc3 37. h4 d4 38. h5 d3 39. Rf2 gxh5 40. gxh5 Rc2 41. h6 d2 42. h7 d1Q 43. h8Q+ Kb7 44. Rxc2 Qxc2+ 45. Kg3 Qg6+ 46. Kf3 c3 47. Bf6 Qd3+ 48. Kg4 Qe2+ 49. Kg5 Qg2+ 50. Kh5 c2 0-1

[Event "Titled Tuesday intern op 06th Jun Late"]
[Site "Chess.com INT"]
[Date "2023.06.06"]
[Round "10"]
[White "Streltsov, Alexey"]
[Black "Kleiman, Jake"]
[Result "0-1"]
[WhiteElo "2338"]
[BlackElo "2399"]
[PlyCount "156"]
[EventDate "2023.06.06"]
[EventType "swiss (blitz)"]
[EventRounds "11"]
[EventCountry "USA"]
[SourceTitle "EXT 2024"]
[Source "ChessBase"]
[SourceDate "2023.10.10"]
[SourceVersion "1"]
[SourceVersionDate "2023.10.10"]
[SourceQuality "1"]

1. d4 Nf6 2. Nc3 d5 3. Bf4 e6 4. Nb5 Bd6 5. Nxd6+ cxd6 6. e3 0-0 7. Nf3 Nc6 8. Be2 Re8 9. 0-0 h6 10. c3 e5 11. Bg3 Ne4 12. Qb3 Nxg3 13. hxg3 e4 14. Nd2 Qg5 15. c4 Nxd4 16. Qd1 Nxe2+ 17. Qxe2 Bg4 18. Qe1 Rac8 19. cxd5 Qxd5 20. Nb3 Rc2 21. Qb1 Rec8 22. Nd4 Rd2 23. Rc1 Rxc1+ 24. Qxc1 Rd1+ 25. Qxd1 Bxd1 26. Rxd1 Qxa2 27. b3 g6 28. g4 Kg7 29. g3 a6 30. Kg2 b5 31. Rc1 a5 32. Nxb5 Qxb3 33. Nxd6 Qb4 34. Rc6 a4 35. Ne8+ Kf8 36. Nf6 Qb7 37. Rb6 Qa8 38. Nd7+ Ke7 39. Nc5 a3 40. Nb3 a2 41. Rb4 a1Q 42. Nxa1 Qxa1 43. Rxe4+ Kf6 44. Rf4+ Kg7 45. Rd4 Qe1 46. Rf4 Qe2 47. Rd4 Qb5 48. Rf4 Qd5+ 49. Kg1 Qd2 50. Rd4 Qe2 51. Kg2 g5 52. Rb4 Qd3 53. Rd4 Qb5 54. Kg1 Qe5 55. Kg2 Qe6 56. Kg1 Kg6 57. Kg2 f5 58. gxf5+ Qxf5 59. g4 Qe6 60. Kg3 Qe5+ 61. Kg2 Qc5 62. Kg3 Qc1 63. Kg2 Qe1 64. Re4 Qe2 65. Rd4 h5 66. Rd6+ Kg7 67. gxh5 Qg4+ 68. Kf1 Qh3+ 69. Kg1 Qxh5 70. Rd4 Qf3 71. Rb4 Kg6 72. Rb6+ Kh5 73. Rb5 Kh4 74. Rb8 Qg4+ 75. Kh2 Qh3+ 76. Kg1 Kg4 77. Rb4+ Kf3 78. e4 Qg2# 0-1

[Event "Titled Tuesday intern op 06th Jun Late"]
[Site "Chess.com INT"]
[Date "2023.06.06"]
[Round "2"]
[White "Streltsov, Alexey"]
[Black "Terry, Renato"]
[Result "0-1"]
[WhiteElo "2338"]
[BlackElo "2520"]
[PlyCount "150"]
[EventDate "2023.06.06"]
[EventType "swiss (blitz)"]
[EventRounds "11"]
[EventCountry "USA"]
[SourceTitle "EXT 2024"]
[Source "ChessBase"]
[SourceDate "2023.10.10"]
[SourceVersion "1"]
[SourceVersionDate "2023.10.10"]
[SourceQuality "1"]

1. d4 e6 2. e4 d5 3. Nc3 Nf6 4. e5 Nfd7 5. f4 c5 6. Nf3 Nc6 7. Be3 Be7 8. Qd2 0-0 9. Be2 b6 10. 0-0 f5 11. exf6 Nxf6 12. Kh1 Bb7 13. Bd3 Nb4 14. Be2 Ne4 15. Nxe4 dxe4 16. Ng5 Bxg5 17. fxg5 Rxf1+ 18. Rxf1 cxd4 19. Qxb4 dxe3 20. g6 hxg6 21. Bg4 Qg5 22. Bxe6+ Kh7 23. Qe1 Re8 24. Bc4 Re5 25. Qg3 Qxg3 26. hxg3 Rc5 27. Bb3 Ba6 28. Re1 e2 29. Kg1 e3 30. c4 Bxc4 31. Bxc4 Rxc4 32. Rxe2 Re4 33. Kf1 Kh6 34. Rc2 Kg5 35. Ke2 Kg4 36. Rc7 Kxg3 37. Rxg7 Re6 38. Rxa7 Kxg2 39. a4 g5 40. a5 bxa5 41. Rxa5 g4 42. b4 g3 43. b5 Kh2 44. Ra6 Re5 45. Rh6+ Kg1 46. b6 g2 47. b7 Rb5 48. Kxe3 Rxb7 49. Rg6 Rf7 50. Ke2 Rf5 51. Rc6 Rg5 52. Kf3 Kh1 53. Rh6+ Kg1 54. Ra6 Rf5+ 55. Kg3 Rg5+ 56. Kf3 Rg8 57. Ra1+ Kh2 58. Ra2 Kh1 59. Rxg2 Rxg2 60. Kf4 Kh2 61. Ke3 Kh3 62. Kf4 Rg3 63. Ke4 Kg2 64. Kf4 Kf2 65. Ke4 Rg4+ 66. Kf5 Kf3 67. Ke5 Re4+ 68. Kf5 Ke3 69. Kg5 Re5+ 70. Kf6 Kf4 71. Kg6 Re6+ 72. Kf7 Kf5 73. Kg7 Re7+ 74. Kh6 Rf7 75. Kh5 Rh7# 0-1